000 00313nam a2200133Ia 4500
008 191201s2013 xx 000 0 und d
082 _a301
_bSHF
100 _aSHARMA,Rajendra K
245 0 _aFundamentals Sociology
260 _aN. Delhi
_bAtlantic pub
_c2013
300 _a378
650 _aBBA
942 _2ddc
_cBK
999 _c5552
_d5552